000 01861nam a2200409Ia 4500
001 ebr10135447
003 CaPaEBR
006 m u
007 cr cn|||||||||
008 040517s2005 nyua sb 001 0 eng d
010 _z 2004050513
020 _z1403979537
040 _aCaPaEBR
_cCaPaEBR
035 _a(OCoLC)560462245
050 1 4 _aPR508.W6
_bH63 2005eb
100 1 _aHoagwood, Terence Allan,
_d1952-
245 1 0 _a"Colour'd shadows"
_h[electronic resource] :
_bcontexts in publishing, printing, and reading nineteenth-century British women writers /
_cTerence Allan Hoagwood and Kathryn Ledbetter.
246 3 _aColoured shadows
246 3 _aColored shadows
250 _a1st ed.
260 _aNew York :
_bPalgrave Macmillan,
_c2005.
300 _axi, 198 p. :
_bill.
504 _aIncludes bibliographical references (p. [177]-192) and index.
533 _aElectronic reproduction.
_bPalo Alto, Calif. :
_cebrary,
_d2009.
_nAvailable via World Wide Web.
_nAccess may be limited to ebrary affiliated libraries.
650 0 _aEnglish poetry
_xWomen authors
_xHistory and criticism.
650 0 _aWomen
_xBooks and reading
_zGreat Britain
_xHistory
_y19th century.
650 0 _aLiterature publishing
_zGreat Britain
_xHistory
_y19th century.
650 0 _aWomen and literature
_zGreat Britain
_xHistory
_y19th century.
650 0 _aBooks and reading
_zGreat Britain
_xHistory
_y19th century.
650 0 _aWomen
_zGreat Britain
_xIntellectual life
_y19th century.
650 0 _aEnglish poetry
_y19th century
_xHistory and criticism.
650 0 _aPrinting
_zGreat Britain
_xHistory
_y19th century.
655 7 _aElectronic books.
_2local
700 1 _aLedbetter, Kathryn.
710 2 _aebrary, Inc.
856 4 0 _uhttp://site.ebrary.com/lib/rucke/Doc?id=10135447
_zAn electronic book accessible through the World Wide Web; click to view
999 _c187605
_d187605